Statistiques concernant Top 15 des pays avec les décès de Covid-19 - 6 fév 2021

Cliquez ici pour prendre le quiz!

Statistiques générales

  • Ce quiz a été pris 37 fois
  • Le résultat moyen est 13 sur 24

Statistiques - réponses

pays% Correct
Etats-Unis
100%
France
100%
Italie
100%
Espagne
97%
Royaume-Uni
94%
Allemagne
91%
Russie
91%
Brésil
88%
Mexique
81%
Inde
78%
Belgique
63%
Portugal
63%
Argentine
56%
Colombie
50%
Afrique du Sud
38%
Iran
38%
Pérou
31%
Hongrie
19%
Bulgarie
13%
Croatie
13%
Macédoine du Nord
13%
Bosnie-Herzégovine
9%
Slovénie
9%
Tchèquie
6%

Distribution des résultats

Percentile par nombre de réponses

% des personnes avec chaque résultat

Votre développement - résultats

Vous n’avez pas pris ce quiz